Loading...
Introduction to the chemistry of life /
| Hovedforfatter: | |
|---|---|
| Andre forfattere: | |
| Format: | Printed Book |
| Sprog: | English |
| Udgivet: |
Addison Wesley,
1964.
|
| Serier: | Addison-Wesley series in chemistry
|
| Fag: |
| LEADER | 00561nam a2200169Ia 4500 | ||
|---|---|---|---|
| 008 | 150624b xxu||||| |||| 00| 0 eng d | ||
| 082 | |a 572 | ||
| 100 | |a Embree, Harland D. | ||
| 245 | |a Introduction to the chemistry of life / |c Harland D. Embree | ||
| 260 | |b Addison Wesley, |c 1964. | ||
| 300 | |a 111 p. | ||
| 490 | |a Addison-Wesley series in chemistry | ||
| 650 | |x Biochemistry. | ||
| 700 | |a Debey, Harold J. | ||
| 942 | |c BK | ||
| 999 | |c 766 |d 766 | ||
| 952 | |0 0 |1 0 |4 0 |6 572_000000000000000_EMB_I |7 0 |9 765 |a UL |b UL |c ST2 |d 1998-09-07 |l 0 |o 572 EMB/I |p 2482 |r 2012-10-27 |w 2012-10-27 |y BK | ||